Statistiques concernant Les 106 Pokemon de la G4

Cliquez ici pour prendre le quiz!

Statistiques générales

  • Ce quiz a été pris 415 fois
  • Le résultat moyen est 78 sur 107

Statistiques - réponses

HintRéponse% Correct
390Ouisticram
99%
387Tortipouss
99%
483Dialga
98%
484Palkia
98%
392Simiabraz
98%
393Tiplouf
98%
389Torterra
98%
395Pingoleon
97%
391Chimpenfeu
96%
398Etouraptor
96%
396Etourmi
96%
394Prinplouf
96%
397Etourvol
95%
487Giratina
94%
388Boskara
93%
493Arceus
89%
482Crefadet
89%
480Crehelf
89%
481Crefollet
88%
491Darkrai
88%
404Luxio
88%
405Luxray
88%
400Castorno
87%
403Lixy
87%
467Maganon
87%
488Cresselia
86%
399Keunotor
86%
492Shaymin
86%
445Carchacrok
81%
485Heatran
81%
444Carmache
80%
486Regigigas
80%
407Roserade
80%
471Givrali
79%
490Manaphy
79%
466Elecable
78%
489Phione
78%
410Dinoclier
77%
443Griknot
77%
408Kranidos
77%
411Bastiodon
76%
401Crikzik
76%
402Melokrik
76%
418Mustebouee
76%
419Musteflott
76%
470Phyllali
76%
406Rozbouton
76%
409Charkos
73%
448Lucario
73%
430Corboss
72%
447Riolu
72%
429Magireve
71%
415Apitrini
70%
416Apireine
69%
420Ceribou
69%
421Ceriflor
69%
431Chaglam
69%
413Cheniselle
69%
412Cheniti
69%
442Spiritomb
69%
432Chaffreux
68%
437Archeodong
67%
436Archeomire
67%
461Dimoret
67%
475Gallame
67%
478Momartik
67%
468Togekiss
67%
440Ptiravi
66%
460Blizzaroi
65%
462Magnezone
65%
473Mammochon
65%
417Pachirisu
65%
414Papilord
65%
459Blizzi
64%
435Moufflair
64%
434Moufouette
63%
446Goinfrex
62%
426Grodrive
62%
428Lockpin
62%
422Sancoki
62%
425Baudrive
61%
427Laporeille
61%
438Manzai
61%
439Mime Jr.
61%
479Motisma
61%
477Noctunoir
60%
464Rhinastoc
60%
472Scorvol
60%
423Tritosor
60%
424Capidextre
59%
469Yanmega
59%
465Bouldeneu
58%
454Coatox
58%
453Cradopaud
58%
450Hippodocus
56%
449Hippopotas
56%
476Tarinorme
56%
456Ecayon
53%
457Lumineon
53%
474Porygon-Z
53%
463Coudlangue
52%
452Drascore
52%
433Korillon
51%
451Rapion
51%
455Vortente
51%
441Pijako
46%
458Babimanta
43%

Distribution des résultats

Percentile par nombre de réponses

% des personnes avec chaque résultat

Votre développement - résultats

Vous n’avez pas pris ce quiz